| 000 | 00465cac a22001451u 4500 | ||
|---|---|---|---|
| 008 | 081116s2004 -us|||||r|||| 00| 0 eng d | ||
| 010 | _a2003021673 | ||
| 020 | _a0763724106 (paperback) | ||
| 082 | 0 | 0 |
_a175 _bREA _222 |
| 245 | 0 | 0 |
_aReadings in cyberethics / _c[edited by] Richard A. Spinello, Herman T. Tavani. |
| 250 | _a2nd ed. | ||
| 260 |
_aSudbury, Mass : _bJones and Bartlett Publishers, _c2004. |
||
| 300 |
_axviii, 697 p. : _bill. ; _c23 cm. |
||
| 942 |
_cBB _k175 _2ddc |
||
| 999 |
_c462 _d462 |
||